LEADER 00824nam0-2200277 --450 001 9910646890703321 005 20230301101218.0 010 $a978-88-337-9279-8 100 $a20230301d2021----kmuy0itay5050 ba 101 0 $aita 102 $aIT 105 $a 001yy 200 1 $a<>riscossione esattoriale$fStanislao De Matteis, Alessandro Pepe, Annamaria Soldi 210 $aPisa$cPacini giuridica$dc2021 215 $aXVI, 493 p.$d24 cm 676 $a343.450420269$v23$zita 700 1$aDe Matteis,$bStanislao$0307470 701 1$aSoldi,$bAnnamaria$0793532 701 1$aPepe,$bAlessandro$0793531 801 0$aIT$bUNINA$gREICAT$2UNIMARC 901 $aBK 912 $a9910646890703321 952 $aXIV G 313$b2021/1126$fFGBC 959 $aFGBC 996 $aRiscossione esattoriale$91780165 997 $aUNINA